| 000 | 00563cam a22001934a 4500 | ||
|---|---|---|---|
| 020 | _a0764567942 | ||
| 040 | _cDLC | ||
| 082 | 0 | 0 | _a005 WIL 2004 A005 Or. |
| 100 | 1 | _aIhnatko, Andy. | |
| 245 | 1 | 4 | _aThe Mac OS X Panther book / |
| 260 |
_aHoboken, NJ : _bWiley Pub., _cc2004. |
||
| 300 |
_axxvii, 381 p. : _bill. ; _c23 cm. |
||
| 500 | _aIncludes index. | ||
| 650 | 0 | _aOperating systems (Computers) | |
| 650 | 0 | _aMacintosh (Computer) | |
| 700 | 1 | _aHarrington, Jan L. | |
| 856 | 4 | 2 | _uhttp://www.loc.gov/catdir/description/wiley041/2004102360.html |
| 942 | _cEK | ||
| 999 |
_c12921 _d12921 |
||